La reforma laboral permanente (Registro nro. 49852)
[ vista simple ]
| 000 -CABECERA | |
|---|---|
| Longitud fija campo de control | 01284naa a2200301 c 4500 |
| 001 - NÚMERO DE CONTROL | |
| Número de control | 49852 |
| 003 - IDENTIFICADOR DE NÚMERO DE CONTROL | |
| Identificador del número de control | ES-MaCES |
| 005 - FECHA Y HORA DE LA ÚLTIMA TRANSACCIÓN | |
| Fecha y hora de la última transacción | 20170823162750.0 |
| 008 - CAMPO FIJO DE DESCRIPCIÓN FIJA--INFORMACIÓN GENERAL | |
| Códigos de información de longitud fija | 170823s2017 sp ||||| t||||||| ||spa d |
| 040 ## - FUENTE DE CATALOGACIÓN | |
| Centro catalogador de origen | ES-MaCES |
| Lengua de catalogación | spa |
| Centro transcriptor | ES-MaCES |
| Centro modificado | ES-MaCES |
| 100 1# - ENCABEZAMIENTO PRINCIPAL--NOMBRE PERSONAL | |
| 9 (RLIN) | 25403 |
| Nombre de persona | Valdeolivas García, Yolanda |
| 245 13 - MENCIÓN DE TÍTULO | |
| Título | La reforma laboral permanente |
| Resto del título | : entre la desregulación de los derechos sociales y la re-regulación de la unilateralidad empresarial |
| Mención de responsabilidad, etc. | Yolanda Valdeolivas García |
| 650 #4 - ASIENTO SECUNDARIO DE MATERIA--TÉRMINO DE MATERIA | |
| 9 (RLIN) | 27166 |
| Término de materia o nombre geográfico como elemento inicial | legislación del trabajo |
| 650 #4 - ASIENTO SECUNDARIO DE MATERIA--TÉRMINO DE MATERIA | |
| 9 (RLIN) | 29892 |
| Término de materia o nombre geográfico como elemento inicial | reforma legislativa |
| 650 #4 - ASIENTO SECUNDARIO DE MATERIA--TÉRMINO DE MATERIA | |
| 9 (RLIN) | 27165 |
| Término de materia o nombre geográfico como elemento inicial | derecho del trabajo |
| 650 #4 - ASIENTO SECUNDARIO DE MATERIA--TÉRMINO DE MATERIA | |
| 9 (RLIN) | 28362 |
| Término de materia o nombre geográfico como elemento inicial | negociación colectiva |
| 650 #4 - ASIENTO SECUNDARIO DE MATERIA--TÉRMINO DE MATERIA | |
| 9 (RLIN) | 30664 |
| Término de materia o nombre geográfico como elemento inicial | concertación social |
| 650 #4 - ASIENTO SECUNDARIO DE MATERIA--TÉRMINO DE MATERIA | |
| 9 (RLIN) | 30600 |
| Término de materia o nombre geográfico como elemento inicial | poder empresarial |
| 650 #4 - ASIENTO SECUNDARIO DE MATERIA--TÉRMINO DE MATERIA | |
| 9 (RLIN) | 29924 |
| Término de materia o nombre geográfico como elemento inicial | derechos de los trabajadores |
| 650 #4 - ASIENTO SECUNDARIO DE MATERIA--TÉRMINO DE MATERIA | |
| 9 (RLIN) | 29875 |
| Término de materia o nombre geográfico como elemento inicial | derechos económicos y sociales |
| 650 #4 - ASIENTO SECUNDARIO DE MATERIA--TÉRMINO DE MATERIA | |
| 9 (RLIN) | 30174 |
| Término de materia o nombre geográfico como elemento inicial | flexibilidad del trabajo |
| 650 #4 - ASIENTO SECUNDARIO DE MATERIA--TÉRMINO DE MATERIA | |
| 9 (RLIN) | 29076 |
| Término de materia o nombre geográfico como elemento inicial | protección social |
| 650 #4 - ASIENTO SECUNDARIO DE MATERIA--TÉRMINO DE MATERIA | |
| 9 (RLIN) | 29481 |
| Término de materia o nombre geográfico como elemento inicial | Estado-Benefactor |
| 653 10 - TÉRMINO DE INDEXACIÓN--NO CONTROLADO | |
| Término no controlado | Relaciones laborales-Empleo |
| 773 0# - ENTRADA DE DOCUMENTO FUENTE | |
| Itemnumber del ítem fuente | 86341 |
| Lugar, editor y fecha de publicación | Madrid (Fuencarral, 127, 28010) Iniciativas editoriales Sistema 1994- |
| Otro identificador del documento | 089238 |
| Título | Temas para el debate |
| Número de control del registro relacionado | (ES-MaCES)25480 |
| Parte(s) relacionada(s) | n. 268 (marzo 2017) {10474 R. 089238} ;p. 39-42 |
| 902 ## - CES. TIPO DE DOCUMENTO | |
| Tipodoc (006$c Sirtex) | ART Artículo de revista |
| 942 ## - ELEMENTOS KOHA | |
| Fuente de clasificaión o esquema | Clasificación propia del CES |
| Koha [por defecto] tipo de item | Artículos (1982-2017) |
| Parte de clasificación | Relaciones Laborales y Rel. Lab.- Empleo |
No hay ítems disponibles.
